| 000 | 00829nam a2200193Ii 4500 | ||
|---|---|---|---|
| 003 | JO-AjNU | ||
| 008 | 230605s9999||||xx |||||||||||||| ||und|| | ||
| 040 |
_aJO-AjNU _bara _erda _cJO-AjNU |
||
| 041 | _aara | ||
| 050 | 1 | 4 | _aLB875.G73 1993 |
| 100 | 3 |
_aجرونلند،نورمان مؤلف/كاظم،أحمد خيري, _eauthor _98300 |
|
| 245 | 0 | 0 | _aالأهداف التعليمية،تحديدها السلوكي وتطبيقاته= Stating Behavioral Objectives For Classroom Instruction Arabic |
| 264 | 3 | 1 | _aالقاهرة:دار النهضة العربية،1993 |
| 300 |
_a136ص _bملحق:ص(127-136) |
||
| 336 |
_atext _btxt _2rdacontent |
||
| 337 |
_aunmediated _bn _2rdamedia |
||
| 338 |
_avolume _bnc _2rdacarrier |
||
| 650 | 4 |
_aالتدريس-علم نفس السلوك. التربية والتعليم-فلسفة. _98301 |
|
| 999 |
_aA718 _c4286 _d4286 |
||